NBA 1980s Leaders Per Team - Statistics

General Stats
  • This quiz has been taken 584 times
  • The average score is 33 of 79
Answer Stats
Team Player % Correct
Bullets Jeff Malone
94%
Lakers Magic Johnson
94%
Bulls Michael Jordan
93%
Lakers Kareem Abdul-Jabbar
92%
Celtics Larry Bird
92%
Kings Eddie Johnson
89%
Bullets Frank Johnson
89%
76ers Julius Erving
89%
Pistons Isiah Thomas
84%
Celtics Kevin McHale
82%
Celtics Robert Parish
82%
Hawks Dominique Wilkins
81%
Rockets Hakeem Olajuwon
80%
76ers Charles Barkley
78%
Trail Blazers Clyde Drexler
76%
Nuggets Alex English
75%
Pistons Bill Laimbeer
75%
Spurs George Gervin
74%
Knicks Patrick Ewing
72%
Bucks Sidney Moncrief
67%
Jazz Adrian Dantley
65%
76ers Maurice Cheeks
63%
Warriors Larry Smith
62%
Mavericks Mark Aguirre
59%
Nets Buck Williams
58%
SuperSonics Gus Williams
58%
Pacers Herb Williams
58%
Cavaliers Hot Rod Williams
58%
Jazz Mark Eaton
57%
Spurs Artis Gilmore
55%
Spurs Alvin Robertson
51%
Mavericks Brad Davis
46%
SuperSonics Jack Sikma
46%
Suns Larry Nance
46%
Suns Walter Davis
46%
Knicks Bill Cartwright
45%
Mavericks Derek Harper
43%
Cavaliers Ron Harper
43%
Trail Blazers Mychal Thompson
42%
Heat* Billy Thompson
41%
Hawks Doc Rivers
41%
Kings LaSalle Thompson
41%
Cavaliers World B. Free
38%
Hawks Tree Rollins
34%
Knicks Micheal Ray Richardson
32%
Jazz Rickey Green
31%
Suns Alvan Adams
29%
Hornets* Muggsy Bogues
29%
Bullets Manute Bol
28%
Kings Reggie Theus
26%
Warriors Sleepy Floyd
26%
Trail Blazers Jim Paxson
24%
Warriors Joe Barry Carroll
24%
Heat* Kevin Edwards
23%
Hornets* Kelly Tripucka
21%
Clippers Norm Nixon
17%
Warriors Purvis Short
17%
Bucks Paul Pressey
16%
Spurs Johnny Moore
15%
Bucks Alton Lister
14%
Nuggets Wayne Cooper
14%
Hornets* Kurt Rambis
13%
Bulls Dave Corzine
12%
Pacers Vern Fleming
10%
Clippers Benoit Benjamin
9%
Clippers Michael Cage
8%
Rockets Allen Leavell
7%
Bulls Dave Greenwood
6%
Bullets Greg Ballard
4%
Cavaliers John Bagley
4%
Heat*, Knicks Rory Sparrow
4%
Pistons Terry Tyler
4%
Nuggets T.R. Dunn
4%
Mavericks Kurt Nimphius
3%
Kings Mike Woodson
3%
Hornets* Earl Cureton
2%
Clippers Michael Brooks
2%
Cavaliers Phil Hubbard
2%
Nets Darwin Cook
1%
No matching quizzes found
Score Distribution
Percent of People with Each Score
Percentile by Number Answered
Your Score History
You have not taken this quiz